Desarrollo infantil y construcción del mundo social
সংরক্ষণ করুন:
| প্রধান লেখক: | |
|---|---|
| অন্যান্য লেখক: | , , |
| বিন্যাস: | বৈদ্যুতিক বৈদ্যুতিন গ্রন্থ |
| ভাষা: | স্প্যানিশ |
| প্রকাশিত: |
Barranquilla, Colombia :
Ediciones Uninorte,
2004.
|
| মালা: | Digitalia eBook Collection: Ediciones Uninorte
|
| বিষয়গুলি: | |
| অনলাইন ব্যবহার করুন: | Digitalia Hispánica |
| ট্যাগগুলো: |
ট্যাগ যুক্ত করুন
কোনো ট্যাগ নেই, প্রথমজন হিসাবে ট্যাগ করুন!
|
MARC
| LEADER | 00000nam a2200000Ia 4500 | ||
|---|---|---|---|
| 001 | DIGUNINOR0014 | ||
| 003 | NyNyDIG | ||
| 006 | m d | ||
| 007 | cr ||||||||||| | ||
| 008 | 130701s2004 ck a ob 000 0 spa c | ||
| 020 | |z 9588133904 (pbk.) | ||
| 040 | |a DGITA |b eng |e pn |c DGITA | ||
| 043 | |a s-ck--- | ||
| 050 | 4 | |a HQ792.C73 ebook | |
| 100 | 1 | |a Amar Amar, José Juan. | |
| 245 | 1 | 0 | |a Desarrollo infantil y construcción del mundo social |h [electronic resource] / |c José Amar Amar, Raimundo Abello Llanos, Diana Tirado García ; [coordinación editorial, Zoila Sotomayor O.]. |
| 260 | |a Barranquilla, Colombia : |b Ediciones Uninorte, |c 2004. |e (New York, NY. : |f Digitalia Inc, |g 2012). | ||
| 300 | |a 1 online resource (xi, 191 p.) | ||
| 504 | |a Includes bibliographical references (p. 185-191). | ||
| 506 | |a Access restricted to subscribing institutions. | ||
| 650 | 0 | |a Child development |z Colombia. | |
| 650 | 0 | |a Children |z Colombia |x Attitudes. | |
| 655 | 0 | |a Electronic books. | |
| 700 | 1 | |a Abello Llanos, Raimundo. | |
| 700 | 1 | |a Tirado García, Diana. | |
| 700 | 1 | |a Sotomayor O., Zoila. | |
| 791 | 2 | |a Digitalia (Firm), |e distributor. | |
| 830 | 0 | |a Digitalia eBook Collection: Ediciones Uninorte | |
| 856 | 4 | 0 | |3 Digitalia Hispánica |u https://digitalia.unach.elogim.com/a/9171/ |